[Event "Sarajevo Bosna op 47th"]
[Site "Sarajevo"]
[Date "2017.05.14"]
[Round "2"]
[White "Rakita, Jandrija"]
[Black "Alaz, Ahmet Efekan"]
[Result "0-1"]
[WhiteElo "1680"]
[BlackElo "1965"]
[PlyCount "89"]
[EventDate "2017.05.13"]
[EventType "swiss"]
[EventRounds "9"]
[EventCountry "BIH"]
[SourceTitle "CBM 178 Extra"]
[Source "ChessBase"]
[SourceDate "2017.06.22"]
[SourceVersion "1"]
[SourceVersionDate "2017.06.22"]
[SourceQuality "1"]

1. e4 e6 2. d4 d5 3. Bd3 Nf6 4. Bg5 Be7 5. e5 Nfd7 6. Bxe7 Qxe7 7. a3 c5 8. c3 Nc6 9. Bc2 0-0 10. Nf3 f6 11. exf6 Qxf6 12. 0-0 cxd4 13. cxd4 Nb6 14. Nc3 Bd7 15. Qd3 g6 16. b3 Rac8 17. Ne2 a6 18. a4 Nb4 19. Qd2 Nxc2 20. Rac1 Nxd4 21. Nexd4 e5 22. Qb4 exd4 23. Rcd1 Bg4 24. Rd3 Bxf3 25. Rxf3 Qc6 26. Rg3 Qf6 27. Qd2 Qf4 28. Qb2 Rc3 29. Rxc3 dxc3 30. Qxc3 Rc8 31. Qe1 Qe4 32. Qa5 Qd4 33. Qe1 Kf7 34. Qe2 Re8 35. Qf3+ Kg7 36. Qh3 Qf6 37. Qd3 d4 38. Rd1 Nd5 39. Qc4 Nf4 40. Kf1 d3 41. Qb4 Re7 42. Qd2 Re2 43. Qb4 Rxf2+ 44. Kg1 Rxg2+ 45. Kh1 0-1

[Event "Sarajevo Bosna op 47th"]
[Site "Sarajevo"]
[Date "2017.05.13"]
[Round "1"]
[White "Alaz, Ahmet Efekan"]
[Black "Marjanovic, Dejan"]
[Result "0-1"]
[WhiteElo "1965"]
[BlackElo "2412"]
[PlyCount "80"]
[EventDate "2017.05.13"]
[EventType "swiss"]
[EventRounds "9"]
[EventCountry "BIH"]
[SourceTitle "CBM 178 Extra"]
[Source "ChessBase"]
[SourceDate "2017.06.22"]
[SourceVersion "1"]
[SourceVersionDate "2017.06.22"]
[SourceQuality "1"]

1. d4 Nf6 2. Nf3 e6 3. Nbd2 c5 4. e3 b6 5. Bd3 Bb7 6. 0-0 Be7 7. b3 0-0 8. Bb2 Nc6 9. a3 Rc8 10. Qe2 Qc7 11. Rfd1 Rfe8 12. Rac1 cxd4 13. exd4 d5 14. Ne5 Nxe5 15. dxe5 Nd7 16. c4 Qb8 17. cxd5 Bxd5 18. Bb5 Rxc1 19. Rxc1 Rd8 20. b4 a5 21. bxa5 bxa5 22. Nf1 Nc5 23. a4 Qb7 24. Ne3 Bb3 25. Bc3 Qa7 26. Qe1 Bxa4 27. Bxa4 Nd3 28. Qf1 Nxc1 29. Qxc1 Bb4 30. Bxb4 axb4 31. Qc6 Qd4 32. Qb5 h5 33. g3 h4 34. gxh4 Qxh4 35. Nc4 Qg4+ 36. Kf1 Rc8 37. Bb3 Qh3+ 38. Kg1 Qxb3 39. Nd6 Rc1+ 40. Kg2 Qd5+ 0-1